000 00548nam a2200193 a 4500
001 1771563656620
003 YourLibrary
005 20260220105811.0
008 260220s2003##################000#0#eng##
020 _a9781403908001
082 0 4 _a338.6420947
_bMAC
100 1 _aMcIntyre, Robert J.,
_eauthor.
245 1 0 _aSmall and Medium Enterprises in Transitional Economies :
260 _bPalgrave Macmillan,
_c2003.
300 _a272 pages
650 0 _aBusiness & Economics.
942 _cENGLISH
040 _aYourLibrary
_beng
_cYourLibrary
999 _c613161
_d613161